Sociálno-ekonomické dôsledky hospodárskej krízy

Zhodnotenie dopadu hospodárskej krízy na vybrané oblasti ekonomiky, s dôrazom na ukazovatele trhu práce a fiškálne parametre. Vývoj SR je skúmaný v kontexte vývojových tendencií eurozóny.

Enregistré dans:
Détails bibliographiques
Auteur principal: Fifeková, Elena
Format: Chapitre de livre
Langue:slovaque
Sujets:
Tags: Ajouter un tag
Pas de tags, Soyez le premier à ajouter un tag!

MARC

LEADER 00000nla a2200000 4500
001 0170047
005 20240502072938.3
041 0 |a slo 
044 |a SK 
245 1 0 |a Sociálno-ekonomické dôsledky hospodárskej krízy  |c Elena Fifeková 
520 |a Zhodnotenie dopadu hospodárskej krízy na vybrané oblasti ekonomiky, s dôrazom na ukazovatele trhu práce a fiškálne parametre. Vývoj SR je skúmaný v kontexte vývojových tendencií eurozóny. 
610 2 0 |a kríza hospodárska 
610 2 0 |a rast hospodársky 
610 2 0 |a kríza finančná 
610 2 0 |a zamestnanosť 
610 2 0 |a financie verejné 
610 2 0 |a konsolidácia 
610 2 0 |a Slovensko 
100 1 |a Fifeková, Elena